Number of Verses in Each Chapter of Exodus - Statistics

General Stats
  • This quiz has been taken 11 times
  • The average score is 16 of 40
Answer Stats
Chapter Verses % Correct
1 22
100%
3 22
100%
2 25
100%
11 10
50%
17 16
50%
24 18
50%
27 21
50%
13 22
50%
5 23
50%
7 25
50%
19 25
50%
20 26
50%
15 27
50%
18 27
50%
10 29
50%
6 30
50%
4 31
50%
14 31
50%
22 31
50%
8 32
50%
23 33
50%
9 35
50%
16 36
50%
21 36
50%
26 37
50%
25 40
50%
28 43
50%
12 51
50%
31 18
0%
33 23
0%
37 29
0%
38 31
0%
32 35
0%
34 35
0%
35 35
0%
30 38
0%
36 38
0%
40 38
0%
39 43
0%
29 46
0%
No matching quizzes found
Score Distribution
Percent of People with Each Score
Percentile by Number Answered
Your Score History
You have not taken this quiz